Energy, the state, and the market : (ระเบียนเลขที่ 50008)
| 000 -LEADER | |
|---|---|
| fixed length control field | 00816nam a22002417a 4500 |
| 003 - CONTROL NUMBER IDENTIFIER | |
| control field | NALT |
| 005 - DATE AND TIME OF LATEST TRANSACTION | |
| control field | 20251017152519.0 |
| 008 - FIXED-LENGTH DATA ELEMENTS--GENERAL INFORMATION | |
| fixed length control field | s2004 eng d |
| 020 ## - INTERNATIONAL STANDARD BOOK NUMBER | |
| International Standard Book Number | 0199270740 |
| 040 ## - CATALOGING SOURCE | |
| Original cataloging agency | NALT |
| 041 ## - LANGUAGE CODE | |
| Language code of text/sound track or separate title | eng |
| 050 ## - LIBRARY OF CONGRESS CALL NUMBER | |
| Classification number | HD 9502.G72 |
| Item number | H44E 2004 |
| 100 1# - MAIN ENTRY--PERSONAL NAME | |
| Personal name | Helm, Dieter |
| 9 (RLIN) | 66744 |
| 245 10 - TITLE STATEMENT | |
| Title | Energy, the state, and the market : |
| Remainder of title | British energy policy since 1979 / |
| Statement of responsibility, etc. | Dieter Helm. |
| 260 ## - PUBLICATION, DISTRIBUTION, ETC. | |
| Place of publication, distribution, etc. | Oxford : |
| Name of publisher, distributor, etc. | Oxford University Press, |
| Date of publication, distribution, etc. | 2004. |
| 300 ## - PHYSICAL DESCRIPTION | |
| Extent | 471 p. : |
| Other physical details | tables ; |
| Dimensions | 23 cm. |
| 650 #0 - SUBJECT ADDED ENTRY--TOPICAL TERM | |
| Topical term or geographic name entry element | Privatization |
| Geographic subdivision | Great Britain |
| 9 (RLIN) | 66745 |
| 650 #0 - SUBJECT ADDED ENTRY--TOPICAL TERM | |
| Topical term or geographic name entry element | Energy industries |
| General subdivision | Government policy |
| Geographic subdivision | Great Britain |
| 9 (RLIN) | 66746 |
| 650 #0 - SUBJECT ADDED ENTRY--TOPICAL TERM | |
| Topical term or geographic name entry element | Energy policy |
| Geographic subdivision | Great Britain |
| 9 (RLIN) | 66747 |
| 850 ## - HOLDING INSTITUTION | |
| Holding institution | NALT |
| 942 ## - ADDED ENTRY ELEMENTS (KOHA) | |
| Koha item type | General Book |
| Source of classification or shelving scheme | Library of Congress Classification |
| 998 ## - STAFF NAME (NALT) | |
| -- | 111 |
| -- | นางสาวพจพิณ พรมเอี่ยม |
| Withdrawn status | Lost status | Source of classification or shelving scheme | Damaged status | Not for loan | Collection code | Home library | Current library | Shelving location | Total Checkouts | Full call number | Barcode | Date last seen | Date last checked out | Copy number | Price effective from | Koha item type | Date acquired |
|---|---|---|---|---|---|---|---|---|---|---|---|---|---|---|---|---|---|
| Library of Congress Classification | General Book collection | National Assembly Library of Thailand | National Assembly Library of Thailand | General Book shelves | 1 | HD 9502.G72 H45E 2004 | 3961159421 | 17/10/2025 | 17/10/2025 | C.1 | 09/06/2017 | General Book | |||||
| Library of Congress Classification | Cataloging | General Book collection | National Assembly Library of Thailand | National Assembly Library of Thailand | General Book shelves | HD 9502.G72 H45E 2004 | 3961163074 | 17/10/2025 | C.2 | 17/10/2025 | General Book | 17/10/2025 |
